Globalization and Its Discontents

Uloženo v:
Podrobná bibliografie
Hlavní autor: Joseph Stiglitz
Médium: Kniha
Vydáno: Penguin
Témata:
Tagy: Přidat tag
Žádné tagy, Buďte první, kdo vytvoří štítek k tomuto záznamu!

MARC

LEADER 00000nam a2200000Ia 4500
005 20260427112644.0
526 |b Economics 
100 |a Joseph Stiglitz 
020 |a 9780143417811 
650 |a International Economics 
526 |a Bachelors 
942 |c BK 
245 |a Globalization and Its Discontents 
260 |b Penguin 
999 |c 18  |d 18 
952 |0 0  |1 0  |4 0  |7 0  |8 1  |a BRISTOL  |b BRISTOL  |d 2026-04-22  |l 0  |p 000025  |r 2026-04-27 11:26:44  |w 2026-04-27  |y BK